[Event "SVK-ch Open 2018"]
[Site "Banska Stiavnica"]
[Date "2018.07.14"]
[Round "8"]
[White "Macko, Michal"]
[Black "Petran, Peter"]
[Result "1/2-1/2"]
[WhiteElo "2158"]
[BlackElo "2302"]
[Annotator "NA"]
[PlyCount "63"]
[EventDate "2018.07.07"]
[EventType "swiss"]
[EventCountry "SVK"]
[SourceTitle "playchess.com"]
[Source "ChessBase"]
[SourceQuality "1"]
[TimeControl "40/5400+30:1800+30"]

1. e4 {[%emt 0:00:00]} g6 {[%emt 0:00:00]} 2. d4 {[%emt 0:00:00]} Bg7 {[%emt 0:00:00]} 3. Nf3 {[%emt 0:00:00]} c6 {[%emt 0:00:40]} 4. h3 {[%emt 0:02:19]} d5 {[%emt 0:01:16]} 5. e5 {[%emt 0:00:17]} f6 {[%emt 0:01:37]} 6. c4 {[%emt 0:00:08] LiveBook: 7 Games} e6 {[%emt 0:02:57]} 7. exf6 {[%emt 0:06:06]} Nxf6 {[%emt 0:00:11]} 8. Bd3 $11 {[%emt 0:00:14]} O-O {[%emt 0:01:47]} 9. O-O {[%emt 0:00:44]} Nbd7 {[%emt 0:05:04]} 10. Ng5 {[%emt 0:07:06]} Re8 {[%emt 0:00:23]} 11. f4 {[%emt 0:02:07]} dxc4 {[%emt 0:02:24]} 12. Bxc4 {[%emt 0:00:14]} Nb6 {[%emt 0:00:11]} 13. Bb3 {[%emt 0:00:21]} Nbd5 {[%emt 0:00:29]} 14. Nc3 {[%emt 0:01:43]} Qb6 {[%emt 0:03:18]} 15. Bc2 {[%emt 0:06:40]} Nh5 {[%emt 0:03:07]} 16. Ne2 {[%emt 0:12:37]} e5 {[%emt 0:12:58]} 17. fxe5 {[%emt 0:03:56]} Rxe5 {[%emt 0:00:06]} 18. Kh2 {[%emt 0:05:42]} Re7 {[%emt 0:01:41]} 19. g4 {[%emt 0:10:32]} Qc7+ {[%emt 0:03:21]} 20. Kg2 {[%emt 0:01:48]} Nhf6 {[%emt 0:00:52]} 21. Bb3 {[%emt 0:00:42]} Be6 {[%emt 0:04:23]} 22. Nxe6 {[%emt 0:03:58]} Rxe6 {[%emt 0:00:12]} 23. Bf4 {[%emt 0:00:09]} Qd7 {[%emt 0:04:07]} 24. Rf3 {[%emt 0:04:07]} Kh8 {[%emt 0:06:49]} 25. Be5 {[%emt 0:00:49]} Re7 {[%emt 0:08:04]} 26. Ng3 {[%emt 0:05:30]} Ng8 {[%emt 0:05:14]} 27. Bxg7+ {[%emt 0:00:56]} Kxg7 {[%emt 0:00:14]} 28. Qd2 {[%emt 0:01:26]} Rae8 {[%emt 0:07:18]} 29. Qg5 {[%emt 0:02:37]} Kh8 {[%emt 0:00:20]} 30. Bxd5 {[%emt 0:00:32]} Qxd5 {[%emt 0:00:48]} 31. Qxd5 {[%emt 0:00:04]} cxd5 {[%emt 0:00:06]} 32. Rc1 {[%emt 0:00:09]} 1/2-1/2

[Event "SVK-ch Open 2018"]
[Site "Banska Stiavnica"]
[Date "2018.07.14"]
[Round "8"]
[White "Nogrady, Vilmos"]
[Black "Polyik, Peter"]
[Result "1/2-1/2"]
[WhiteElo "2154"]
[BlackElo "2265"]
[Annotator "NA"]
[PlyCount "48"]
[EventDate "2018.07.07"]
[EventType "swiss"]
[EventCountry "SVK"]
[SourceTitle "playchess.com"]
[Source "ChessBase"]
[SourceQuality "1"]
[TimeControl "40/5400+30:1800+30"]

1. e4 {[%emt 0:00:00]} Nf6 {[%emt 0:00:00]} 2. Nc3 {[%emt 0:08:14]} d5 {[%emt 0:00:10]} 3. e5 {[%emt 0:00:37]} Ne4 {[%emt 0:00:18]} 4. Nxe4 {[%emt 0:04:12]} dxe4 {[%emt 0:00:07]} 5. d4 {[%emt 0:00:45]} exd3 $14 {[%emt 0:01:27] LiveBook: 12 Partien} 6. Bxd3 {[%emt 0:04:32]} Nc6 {[%emt 0:01:41]} 7. Bf4 {[%emt 0:13:24]} Qd5 {[%emt 0:04:40]} 8. Qf3 {[%emt 0:06:26]} Qa5+ {[%emt 0:07:09]} 9. c3 {[%emt 0:12:40]} Nxe5 {[%emt 0:01:20]} 10. Bxe5 {[%emt 0:00:08]} Qxe5+ {[%emt 0:00:05]} 11. Ne2 {[%emt 0:00:12]} e6 {[%emt 0:11:23]} 12. O-O-O {[%emt 0:13:12]} Be7 {[%emt 0:04:54]} 13. h4 {[%emt 0:04:56]} O-O {[%emt 0:03:08]} 14. g4 {[%emt 0:04:19]} a5 {[%emt 0:07:33]} 15. g5 {[%emt 0:01:21]} a4 {[%emt 0:00:49]} 16. a3 {[%emt 0:12:04]} Ra5 {[%emt 0:09:33]} 17. Bc2 {[%emt 0:01:25]} Rd5 {[%emt 0:14:16]} 18. Rde1 {[%emt 0:00:47]} Qd6 {[%emt 0:03:42]} 19. Qe4 {[%emt 0:03:30]} g6 {[%emt 0:00:20]} 20. f4 {[%emt 0:03:27]} e5 {[%emt 0:03:25]} 21. Rd1 {[%emt 0:01:05]} c6 {[%emt 0:04:04]} 22. Rxd5 {[%emt 0:01:22]} Qxd5 {[%emt 0:00:31]} 23. Qxd5 {[%emt 0:00:10]} cxd5 {[%emt 0:00:05]} 24. fxe5 {[%emt 0:00:12]} Bd7 {[%emt 0:01:50]} 1/2-1/2

[Event "SVK-ch Open 2018"]
[Site "Banska Stiavnica"]
[Date "2018.07.14"]
[Round "8"]
[White "Cech, Dominik"]
[Black "Ruckschloss, Karol"]
[Result "0-1"]
[WhiteElo "2151"]
[BlackElo "2245"]
[Annotator "NA"]
[PlyCount "66"]
[EventDate "2018.07.07"]
[EventType "swiss"]
[EventCountry "SVK"]
[SourceTitle "playchess.com"]
[Source "ChessBase"]
[SourceQuality "1"]
[TimeControl "40/5400+30:1800+30"]

1. e4 {[%emt 0:00:35]} d6 {[%emt 0:00:00]} 2. d4 {[%emt 0:00:32]} Nf6 {[%emt 0:00:00]} 3. Nc3 {[%emt 0:00:17]} g6 {[%emt 0:01:21]} 4. Nf3 {[%emt 0:01:01]} Bg7 {[%emt 0:00:40]} 5. Be2 {[%emt 0:00:32]} c6 {[%emt 0:00:40]} 6. a4 {[%emt 0:00:47]} O-O {[%emt 0:00:26]} 7. O-O {[%emt 0:00:40]} Qc7 $14 {[%emt 0:02:13] LiveBook: 339 Games} 8. Re1 {[%emt 0:05:56]} e5 {[%emt 0:00:26]} 9. d5 {[%emt 0:00:38]} cxd5 {[%emt 0:02:57]} 10. exd5 {[%emt 0:08:08]} h6 {[%emt 0:04:54]} 11. Nd2 {[%emt 0:04:30]} Nbd7 {[%emt 0:11:15]} 12. Nb5 {[%emt 0:14:29]} Qb8 {[%emt 0:00:09]} 13. c4 {[%emt 0:00:10]} a6 {[%emt 0:03:06]} 14. Nc3 {[%emt 0:01:13]} a5 {[%emt 0:00:38]} 15. b3 {[%emt 0:09:08]} Nc5 {[%emt 0:00:55]} 16. Ba3 {[%emt 0:01:09]} b6 {[%emt 0:07:58]} 17. h3 {[%emt 0:07:50]} Ne8 {[%emt 0:03:10]} 18. Ra2 {[%emt 0:05:12]} f5 {[%emt 0:00:25]} 19. b4 {[%emt 0:00:43]} axb4 {[%emt 0:00:13]} 20. Bxb4 {[%emt 0:00:12]} Bd7 {[%emt 0:00:34]} 21. Qc2 {[%emt 0:04:49]} Qd8 {[%emt 0:04:06]} 22. Rea1 {[%emt 0:05:31]} e4 {[%emt 0:00:55]} 23. a5 {[%emt 0:08:40]} bxa5 {[%emt 0:00:19]} 24. Rxa5 {[%emt 0:00:09]} Rxa5 {[%emt 0:00:16]} 25. Rxa5 {[%emt 0:00:13]} Qg5 {[%emt 0:02:09]} 26. Rxc5 {[%emt 0:06:23]} dxc5 {[%emt 0:02:00]} 27. Bxc5 {[%emt 0:00:20]} Rf7 {[%emt 0:01:50]} 28. Nb5 {[%emt 0:04:15]} Kh7 {[%emt 0:04:30]} 29. Nf1 {[%emt 0:03:59]} h5 {[%emt 0:23:26]} 30. Kh1 {[%emt 0:01:55]} Bxb5 {[%emt 0:08:26]} 31. cxb5 {[%emt 0:00:27]} Nf6 {[%emt 0:00:42]} 32. d6 {[%emt 0:02:00]} f4 {[%emt 0:00:11]} 33. Bc4 {[%emt 0:00:28]} Qxc5 {[%emt 0:00:12]} 0-1

[Event "SVK-ch Open 2018"]
[Site "Banska Stiavnica"]
[Date "2018.07.14"]
[Round "8"]
[White "Bango, Lukas"]
[Black "Chmiel, Marcin"]
[Result "0-1"]
[WhiteElo "2148"]
[BlackElo "2249"]
[Annotator "NA"]
[PlyCount "56"]
[EventDate "2018.07.07"]
[EventType "swiss"]
[EventCountry "SVK"]
[SourceTitle "playchess.com"]
[Source "ChessBase"]
[SourceQuality "1"]
[TimeControl "40/5400+30:1800+30"]

1. e4 {[%emt 0:00:00]} e5 {[%emt 0:00:00]} 2. Nf3 {[%emt 0:00:00]} Nc6 {[%emt 0:00:00]} 3. Bc4 {[%emt 0:00:00]} Bc5 {[%emt 0:00:09]} 4. b4 {[%emt 0:00:00]} Bxb4 {[%emt 0:00:07]} 5. c3 {[%emt 0:00:04]} Be7 {[%emt 0:00:11]} 6. d4 {[%emt 0:00:19]} Na5 {[%emt 0:00:11]} 7. Bd3 {[%emt 0:02:11]} d6 {[%emt 0:01:07]} 8. dxe5 {[%emt 0:00:52]} dxe5 {[%emt 0:00:17]} 9. Nxe5 {[%emt 0:00:20]} Nf6 {[%emt 0:00:25]} 10. O-O {[%emt 0:01:44]} O-O {[%emt 0:00:09]} 11. h3 {[%emt 0:03:47]} Nd7 {[%emt 0:03:37]} 12. Nxd7 {[%emt 0:02:53]} Qxd7 {[%emt 0:03:51]} 13. Bc2 {[%emt 0:03:49]} Qxd1 {[%emt 0:03:29]} 14. Rxd1 {[%emt 0:00:33]} Be6 {[%emt 0:05:23]} 15. Bf4 {[%emt 0:01:43]} c5 {[%emt 0:01:51]} 16. Na3 {[%emt 0:05:34]} a6 {[%emt 0:00:56]} 17. Bc7 {[%emt 0:03:00]} Nc6 {[%emt 0:01:03]} 18. Bb3 {[%emt 0:00:18]} b5 {[%emt 0:03:48]} 19. Bxe6 {[%emt 0:05:22]} fxe6 {[%emt 0:00:58]} 20. Rd7 {[%emt 0:00:14]} Bf6 {[%emt 0:06:48]} 21. Rad1 {[%emt 0:07:29]} Bxc3 {[%emt 0:02:41]} 22. Bd6 {[%emt 0:00:03]} Rfc8 {[%emt 0:01:03]} 23. Bxc5 {[%emt 0:00:05]} Ne5 {[%emt 0:02:13]} 24. Ra7 {[%emt 0:00:05]} Rxa7 {[%emt 0:01:09]} 25. Bxa7 {[%emt 0:00:06]} b4 {[%emt 0:02:31]} 26. Nc2 {[%emt 0:02:33]} a5 {[%emt 0:01:08]} 27. Bd4 {[%emt 0:02:21]} Rd8 {[%emt 0:02:14]} 28. Kf1 {[%emt 0:03:33]} Nc6 {[%emt 0:00:34]} 0-1

[Event "SVK-ch Open 2018"]
[Site "Banska Stiavnica"]
[Date "2018.07.14"]
[Round "8"]
[White "Demeter, Peter"]
[Black "Molnar, Erno"]
[Result "1/2-1/2"]
[WhiteElo "2146"]
[BlackElo "2231"]
[Annotator "NA"]
[PlyCount "44"]
[EventDate "2018.07.07"]
[EventType "swiss"]
[EventCountry "SVK"]
[SourceTitle "playchess.com"]
[Source "ChessBase"]
[SourceQuality "1"]
[TimeControl "40/5400+30:1800+30"]

1. c4 {[%emt 0:00:00]} e5 {[%emt 0:00:00]} 2. d3 {[%emt 0:00:00]} Nc6 {[%emt 0:00:29]} 3. Nf3 {[%emt 0:00:00]} g6 {[%emt 0:08:26]} 4. g3 {[%emt 0:01:45]} Bg7 {[%emt 0:00:50]} 5. Bg2 {[%emt 0:00:08]} d6 {[%emt 0:00:31]} 6. O-O {[%emt 0:00:41]} f5 {[%emt 0:01:35]} 7. Nc3 {[%emt 0:01:18]} Nf6 {[%emt 0:01:31]} 8. e4 {[%emt 0:00:23]} O-O {[%emt 0:01:56]} 9. h3 {[%emt 0:10:00]} Kh8 {[%emt 0:06:56]} 10. exf5 {[%emt 0:08:41]} gxf5 {[%emt 0:04:01]} 11. d4 {[%emt 0:03:07]} e4 {[%emt 0:07:49]} 12. Nh4 {[%emt 0:10:41]} d5 {[%emt 0:03:43]} 13. cxd5 {[%emt 0:07:38]} Nxd5 {[%emt 0:01:54]} 14. Nxd5 {[%emt 0:02:16]} Qxd5 {[%emt 0:00:11]} 15. Qh5 {[%emt 0:00:59]} Qf7 {[%emt 0:05:34]} 16. Qxf7 {[%emt 0:03:18]} Rxf7 {[%emt 0:00:08]} 17. d5 {[%emt 0:00:30]} Nb4 {[%emt 0:01:18]} 18. Rd1 {[%emt 0:00:48]} Nd3 {[%emt 0:06:30]} 19. Rb1 {[%emt 0:00:38]} Bd7 {[%emt 0:11:33]} 20. Bf1 {[%emt 0:02:27]} Bb5 {[%emt 0:04:44]} 21. Ng2 {[%emt 0:02:14]} Rd8 {[%emt 0:17:44]} 22. Nf4 {[%emt 0:05:08]} Rfd7 {[%emt 0:05:55]} 1/2-1/2

[Event "SVK-ch Open 2018"]
[Site "Banska Stiavnica"]
[Date "2018.07.14"]
[Round "8"]
[White "Zatko, Gregor"]
[Black "Stockova, Zuzana"]
[Result "1-0"]
[WhiteElo "2144"]
[BlackElo "2301"]
[Annotator "NA"]
[PlyCount "109"]
[EventDate "2018.07.07"]
[EventType "swiss"]
[EventCountry "SVK"]
[SourceTitle "playchess.com"]
[Source "ChessBase"]
[SourceQuality "1"]
[TimeControl "40/5400+30:1800+30"]

1. d4 {[%emt 0:00:00]} Nf6 {[%emt 0:00:00]} 2. Bf4 {[%emt 0:00:00]} e6 {[%emt 0:00:30]} 3. e3 {[%emt 0:00:00]} c5 {[%emt 0:00:36]} 4. c3 {[%emt 0:00:06]} b6 {[%emt 0:01:36]} 5. Nf3 {[%emt 0:00:29]} Bb7 {[%emt 0:00:36]} 6. Bd3 {[%emt 0:03:37]} Be7 {[%emt 0:02:58] LiveBook: 63 Games A47: 1 d4 Nf6 2 Nf3 b6: Torre, London and Colle Systems} 7. Qe2 {[%emt 0:02:17]} (7. O-O O-O 8. h3 d5 9. Nbd2 Nbd7 10. Ne5 Rc8 11. Qf3 Nxe5 12. Bxe5 Nd7 13. Bh2 f5 14. Qe2 c4 15. Bc2 b5 16. a3 Qb6 17. Kh1 a5 18. f3 {0-1 (65) Nagle,S (2432)-Le,Q (2737) chess.com INT 2018}) 7... cxd4 {[%emt 0:09:00]} 8. exd4 {[%emt 0:02:10]} d6 {[%emt 0:00:50]} 9. Nbd2 {[%emt 0:01:07]} a6 {[%emt 0:08:52]} 10. O-O-O $146 {[%emt 0:05:14]} ({Predecessor:} 10. h3 Nbd7 11. O-O-O b5 12. Kb1 Rc8 13. Ne4 Bxe4 14. Bxe4 Nxe4 15. Qxe4 Nf6 16. Qd3 {0-1 (46) Cordovil,J (2168)-Shkapenko,P (2418) Lisbon 2014}) 10... Nc6 {[%emt 0:03:02]} 11. Kb1 {[%emt 0:00:57]} b5 {[%emt 0:01:21]} 12. Ne4 {[%emt 0:09:51]} Na5 {[%emt 0:03:47]} 13. h4 {[%emt 0:06:34]} h6 {[%emt 0:07:37]} (13... Nxe4 $11 14. Bxe4 Bxe4+ 15. Qxe4 d5) 14. Nxf6+ {[%emt 0:07:38]} gxf6 {[%emt 0:04:27]} 15. h5 {[%emt 0:01:54]} Qb6 {[%emt 0:05:33]} 16. Rhe1 {[%emt 0:08:47]} d5 {[%emt 0:06:38]} 17. Nh4 {[%emt 0:05:02]} O-O-O {[%emt 0:13:22]} 18. Nf5 {[%emt 0:07:08]} Bf8 {[%emt 0:00:17]} 19. Qe3 {[%emt 0:01:34]} Nc4 {[%emt 0:05:50]} 20. Bxc4 {[%emt 0:00:29]} dxc4 {[%emt 0:01:06]} 21. Nxh6 {[%emt 0:00:41]} Bxh6 {[%emt 0:03:07]} 22. Bxh6 {[%emt 0:00:04]} Bxg2 {[%emt 0:00:50]} 23. Qf4 {[%emt 0:08:50]} Qb7 {[%emt 0:05:07]} 24. Re3 {[%emt 0:02:27]} f5 {[%emt 0:06:57]} 25. Bg5 {[%emt 0:01:36]} Rdg8 {[%emt 0:00:24]} 26. h6 {[%emt 0:00:44]} Be4+ {[%emt 0:00:33]} 27. Ka1 {[%emt 0:01:56]} Qc7 {[%emt 0:00:47]} 28. Qh4 {[%emt 0:02:41]} Rg6 {[%emt 0:00:33]} 29. Bf4 {[%emt 0:00:52]} Qd8 {[%emt 0:00:58]} 30. Qh5 {[%emt 0:03:23]} Bd5 {[%emt 0:04:28]} 31. Rg3 {[%emt 0:05:17]} Rxg3 {[%emt 0:00:48]} 32. fxg3 {[%emt 0:05:48]} Qe7 {[%emt 0:00:17]} 33. Re1 {[%emt 0:02:34]} Be4 {[%emt 0:00:50]} 34. Re2 {[%emt 0:04:34]} Kb7 {[%emt 0:01:35]} 35. Rh2 {[%emt 0:00:33]} Rh7 {[%emt 0:00:33]} 36. Be5 {[%emt 0:00:30]} f6 {[%emt 0:00:18]} 37. Qh4 {[%emt 0:00:33]} fxe5 {[%emt 0:01:21]} 38. Qxe7+ {[%emt 0:00:01]} Rxe7 {[%emt 0:00:12]} 39. h7 {[%emt 0:00:05]} Rxh7 {[%emt 0:00:50]} 40. Rxh7+ {[%emt 0:00:01]} Kc6 {[%emt 0:00:13]} 41. dxe5 {[%emt 0:31:30]} a5 {[%emt 0:09:49]} 42. Re7 {[%emt 0:00:00]} Kd5 {[%emt 0:00:37]} 43. Rb7 {[%emt 0:00:00]} Kxe5 {[%emt 0:05:49]} 44. Rxb5+ {[%emt 0:00:00]} Kf6 {[%emt 0:00:12]} 45. b4 {[%emt 0:00:00]} cxb3 {[%emt 0:02:53]} 46. axb3 {[%emt 0:00:00]} Kg5 {[%emt 0:00:26]} 47. Re5 {[%emt 0:00:00]} Kg4 {[%emt 0:00:43]} 48. Rxe6 {[%emt 0:00:00]} Kxg3 {[%emt 0:00:14]} 49. Kb2 $18 {[%emt 0:00:00]} Kf3 {[%emt 0:06:44]} 50. c4 {[%emt 0:00:00]} f4 {[%emt 0:00:53]} 51. c5 {[%emt 0:00:00]} Ke3 {[%emt 0:01:42]} 52. c6 {[%emt 0:00:00]} f3 {[%emt 0:00:10]} 53. c7 {[%emt 0:00:00]} f2 {[%emt 0:00:09]} 54. c8=Q {[%emt 0:00:00]} f1=Q {[%emt 0:00:18]} 55. Qc5+ {[%emt 0:00:55]} 1-0

[Event "SVK-ch Open 2018"]
[Site "Banska Stiavnica"]
[Date "2018.07.14"]
[Round "8"]
[White "Horvath, Julia"]
[Black "Stanko, Ivan"]
[Result "1-0"]
[WhiteElo "2107"]
[BlackElo "1908"]
[Annotator "NA"]
[PlyCount "39"]
[EventDate "2018.07.07"]
[EventType "swiss"]
[EventCountry "SVK"]
[SourceTitle "playchess.com"]
[Source "ChessBase"]
[SourceQuality "1"]
[TimeControl "40/5400+30:1800+30"]

1. d4 {[%emt 0:00:00]} Nf6 {[%emt 0:04:54]} 2. c4 {[%emt 0:00:00]} Nc6 {[%emt 0:00:24]} 3. Nf3 {[%emt 0:00:00]} e6 {[%emt 0:00:31]} 4. a3 {[%emt 0:02:25]} a5 {[%emt 0:03:37]} 5. Nc3 {[%emt 0:00:15]} d5 {[%emt 0:01:44]} 6. Bg5 {[%emt 0:09:26]} Be7 {[%emt 0:03:13]} 7. e3 {[%emt 0:00:42]} O-O {[%emt 0:02:24]} 8. Bd3 {[%emt 0:00:54]} h6 {[%emt 0:05:36]} 9. Bf4 {[%emt 0:13:44]} Nh5 {[%emt 0:03:24]} 10. Bg3 {[%emt 0:01:48]} Nxg3 {[%emt 0:01:23]} 11. hxg3 {[%emt 0:00:05]} Bf6 {[%emt 0:00:58]} 12. Rc1 {[%emt 0:00:24]} dxc4 {[%emt 0:02:08]} 13. Bxc4 {[%emt 0:00:12]} e5 {[%emt 0:00:16]} 14. d5 {[%emt 0:02:00]} Ne7 {[%emt 0:00:18]} 15. Ne4 {[%emt 0:07:09]} Ng6 {[%emt 0:00:12]} 16. Qc2 {[%emt 0:01:58]} Bd7 {[%emt 0:07:45]} 17. d6 {[%emt 0:18:05]} c6 {[%emt 0:05:26]} 18. Nc5 {[%emt 0:03:15]} b6 {[%emt 0:01:06]} 19. Nxd7 {[%emt 0:01:00]} Qxd7 {[%emt 0:00:06]} 20. Qxg6 {[%emt 0:00:12]} 1-0

[Event "SVK-ch Open 2018"]
[Site "Banska Stiavnica"]
[Date "2018.07.14"]
[Round "8"]
[White "Brozyna, Mateusz"]
[Black "Posa, Norbert"]
[Result "1/2-1/2"]
[WhiteElo "2098"]
[BlackElo "2036"]
[Annotator "NA"]
[PlyCount "93"]
[EventDate "2018.07.07"]
[EventType "swiss"]
[EventCountry "SVK"]
[SourceTitle "playchess.com"]
[Source "ChessBase"]
[SourceQuality "1"]
[TimeControl "40/5400+30:1800+30"]

1. d4 {[%emt 0:00:00]} d5 {[%emt 0:00:03]} 2. Nf3 {[%emt 0:00:00]} Bf5 {[%emt 0:00:33]} 3. g3 {[%emt 0:00:00]} c6 {[%emt 0:00:12]} 4. Bg2 {[%emt 0:00:00]} h6 {[%emt 0:00:34]} 5. c4 {[%emt 0:00:06]} e6 {[%emt 0:01:10]} 6. O-O {[%emt 0:00:21]} Nf6 {[%emt 0:00:30]} 7. Nc3 {[%emt 0:00:09]} Bd6 {[%emt 0:01:30]} 8. Qb3 {[%emt 0:00:36]} Qb6 {[%emt 0:06:11]} 9. c5 {[%emt 0:00:26]} Qxb3 {[%emt 0:00:09]} 10. axb3 {[%emt 0:00:03]} Bc7 {[%emt 0:00:14]} 11. b4 {[%emt 0:01:08]} Ne4 {[%emt 0:06:53]} 12. Nd2 {[%emt 0:01:15]} Nxc3 {[%emt 0:01:43]} 13. bxc3 {[%emt 0:00:08]} O-O {[%emt 0:16:23]} 14. Bb2 {[%emt 0:02:09]} Nd7 {[%emt 0:02:32]} 15. c4 {[%emt 0:03:55]} a6 {[%emt 0:10:36]} 16. e4 {[%emt 0:12:36]} dxe4 {[%emt 0:03:56]} 17. Nxe4 {[%emt 0:00:36]} Rac8 {[%emt 0:16:16]} 18. Rfd1 {[%emt 0:05:45]} Rfd8 {[%emt 0:04:18]} 19. Nc3 {[%emt 0:05:09]} Nf6 {[%emt 0:05:07]} 20. d5 {[%emt 0:09:46]} exd5 {[%emt 0:00:07]} 21. cxd5 {[%emt 0:00:08]} cxd5 {[%emt 0:00:35]} 22. Nxd5 {[%emt 0:00:43]} Nxd5 {[%emt 0:00:21]} 23. Bxd5 {[%emt 0:03:28]} Bc2 {[%emt 0:02:44]} 24. Rdc1 {[%emt 0:19:44]} Rxd5 {[%emt 0:00:09]} 25. Rxc2 {[%emt 0:00:05]} Be5 {[%emt 0:02:28]} 26. Bxe5 {[%emt 0:00:29]} Rxe5 {[%emt 0:00:22]} 27. Rd1 {[%emt 0:00:07]} a5 {[%emt 0:04:22]} 28. bxa5 {[%emt 0:05:23]} Rexc5 {[%emt 0:04:16]} 29. Rd8+ {[%emt 0:00:23]} Rxd8 {[%emt 0:00:23]} 30. Rxc5 {[%emt 0:00:07]} Rd7 {[%emt 0:00:10]} 31. Rc8+ {[%emt 0:01:45]} Kh7 {[%emt 0:00:06]} 32. Kg2 {[%emt 0:00:06]} Kg6 {[%emt 0:00:26]} 33. Rc5 {[%emt 0:01:01]} Kf6 {[%emt 0:02:26]} 34. Kf3 {[%emt 0:00:23]} Re7 {[%emt 0:00:32]} 35. Rd5 {[%emt 0:02:29]} Re5 {[%emt 0:01:39]} 36. Rd6+ {[%emt 0:00:21]} Ke7 {[%emt 0:00:26]} 37. Rb6 {[%emt 0:00:07]} Rxa5 {[%emt 0:00:05]} 38. Rxb7+ {[%emt 0:00:05]} Kf6 {[%emt 0:01:27]} 39. Rb6+ {[%emt 0:00:11]} Ke7 {[%emt 0:00:11]} 40. h4 {[%emt 0:00:57]} h5 {[%emt 0:00:33]} 41. Kg2 {[%emt 0:30:28]} g6 {[%emt 0:30:36]} 42. f3 {[%emt 0:01:14]} Ra4 43. Kh3 Ra3 {[%emt 0:06:51]} 44. f4 {[%emt 0:00:42]} Ra5 {[%emt 0:00:29]} 45. Kg2 {[%emt 0:00:51]} Ra2+ {[%emt 0:00:00]} 46. Kf3 {[%emt 0:00:00]} Ra3+ {[%emt 0:00:00]} 47. Kf2 {[%emt 0:00:00]} 1/2-1/2

[Event "SVK-ch Open 2018"]
[Site "Banska Stiavnica"]
[Date "2018.07.14"]
[Round "8"]
[White "Kerdik, Adam"]
[Black "Bombek, Peter"]
[Result "0-1"]
[WhiteElo "2091"]
[BlackElo "2201"]
[Annotator "NA"]
[PlyCount "116"]
[EventDate "2018.07.07"]
[EventType "swiss"]
[EventCountry "SVK"]
[SourceTitle "playchess.com"]
[Source "ChessBase"]
[SourceQuality "1"]
[TimeControl "40/5400+30:1800+30"]

1. d4 {[%emt 0:00:00]} d5 {[%emt 0:00:00]} 2. c4 {[%emt 0:00:00]} e6 {[%emt 0:00:13]} 3. Nc3 {[%emt 0:00:00]} Nf6 {[%emt 0:00:08]} 4. cxd5 {[%emt 0:00:05]} exd5 {[%emt 0:00:04]} 5. Bg5 {[%emt 0:00:05]} Be7 {[%emt 0:00:08]} 6. e3 {[%emt 0:00:12]} c6 {[%emt 0:00:05]} 7. Bd3 {[%emt 0:00:07]} Nbd7 {[%emt 0:00:08]} 8. Nge2 {[%emt 0:01:11]} h6 {[%emt 0:00:08]} 9. Bh4 {[%emt 0:01:08] D35: Damengambit (Abtauschvariante)} Nh5 {[%emt 0:00:09]} 10. Bxe7 {[%emt 0:00:31]} Qxe7 {[%emt 0:00:06]} 11. Qd2 {[%emt 0:02:58]} Nb6 {[%emt 0:01:07] LiveBook: 6 Games} 12. O-O {[%emt 0:02:34]} (12. f3 Bd7 13. O-O O-O 14. g4 Nf6 15. Ng3 Ne8 16. Rae1 {1-0 (43) Mamedyarov,S (2766)-Adams,M (2751) Sharjah 2017 CBM 177 [Hillarp Persson,T]}) 12... O-O {[%emt 0:02:12]} 13. f3 {[%emt 0:04:44]} f5 {[%emt 0:06:04]} 14. Rae1 {[%emt 0:05:22]} Bd7 {[%emt 0:01:06]} 15. Nc1 $146 {[%emt 0:02:00]} ({Vorgänger:} 15. Nf4 Nxf4 16. exf4 Qb4 {1-0 (30) David,A (2414)-Musat,A (2397) Baile Govora 2017}) 15... Rae8 {[%emt 0:01:52]} 16. Nb3 {[%emt 0:04:21]} Nc8 {[%emt 0:01:16]} 17. Nc5 {[%emt 0:03:12]} Nd6 {[%emt 0:00:49]} 18. Nxd7 {[%emt 0:02:12]} Qxd7 {[%emt 0:00:12]} 19. Na4 {[%emt 0:01:49]} Qe7 {[%emt 0:10:54]} 20. Re2 {[%emt 0:06:08]} Qf6 {[%emt 0:08:15]} 21. Qb4 {[%emt 0:11:49]} Re7 {[%emt 0:04:00]} 22. Rfe1 {[%emt 0:04:15]} g6 {[%emt 0:08:55]} 23. Nc5 {[%emt 0:08:33]} Rfe8 {[%emt 0:01:58]} 24. a4 {[%emt 0:03:05]} Kh7 {[%emt 0:09:19]} 25. a5 {[%emt 0:01:09]} a6 {[%emt 0:03:06]} 26. b3 {[%emt 0:02:33]} Ng7 {[%emt 0:01:28]} 27. Bb1 {[%emt 0:01:29]} Nb5 {[%emt 0:02:06]} 28. Bd3 {[%emt 0:03:51]} Ne6 {[%emt 0:03:48]} 29. Bxb5 {[%emt 0:03:17]} axb5 {[%emt 0:02:25]} 30. Nxe6 {[%emt 0:01:35]} Rxe6 {[%emt 0:00:21]} 31. g3 {[%emt 0:04:11]} h5 {[%emt 0:01:12]} 32. Kf2 {[%emt 0:06:06]} Kg7 {[%emt 0:01:17]} 33. Qd2 {[%emt 0:06:33]} h4 {[%emt 0:01:09]} 34. Rg1 {[%emt 0:01:06]} hxg3+ {[%emt 0:01:41]} 35. hxg3 {[%emt 0:00:17]} Rh8 {[%emt 0:00:24]} 36. Ke1 {[%emt 0:00:55]} Qe7 {[%emt 0:02:17]} 37. b4 {[%emt 0:02:26]} Rh3 {[%emt 0:00:48]} 38. Kd1 {[%emt 0:01:40]} Qg5 {[%emt 0:03:40]} 39. Qe1 {[%emt 0:01:28]} Re8 {[%emt 0:02:03]} 40. Kd2 {[%emt 0:02:10]} Qd8 {[%emt 0:07:10]} 41. Qc1 {[%emt 0:32:52]} Qc7 {[%emt 0:35:01]} 42. f4 {[%emt 0:00:00]} Qe7 {[%emt 0:00:00]} 43. Qc3 {[%emt 0:00:00]} Reh8 {[%emt 0:00:00]} 44. g4 {[%emt 0:00:00]} Rh2 {[%emt 0:00:00]} 45. g5 {[%emt 0:00:00]} Rxe2+ {[%emt 0:00:00]} 46. Kxe2 {[%emt 0:00:00]} Rh2+ {[%emt 0:00:00]} 47. Kd1 {[%emt 0:00:00]} Qe4 {[%emt 0:00:00]} 48. Kc1 {[%emt 0:00:00]} Qf3 {[%emt 0:00:00]} 49. Re1 {[%emt 0:00:00]} Qf2 {[%emt 0:00:00]} (49... Qg3 $142 50. a6 bxa6) 50. Rd1 {[%emt 0:01:53]} Kf7 {[%emt 0:00:00]} 51. Rd2 {[%emt 0:02:47]} Qe1+ {[%emt 0:00:00]} 52. Kc2 {[%emt 0:00:05] [#]} Rh1 $19 {[%emt 0:00:00]} 53. Kb3 {[%emt 0:01:07]} Rh3 {[%emt 0:04:37]} 54. Rd3 {[%emt 0:00:34]} Qb1+ {[%emt 0:00:58]} 55. Ka3 {[%emt 0:00:12]} Rh1 {[%emt 0:01:58]} 56. Rd2 {[%emt 0:00:44]} Re1 {[%emt 0:02:59]} 57. Rh2 {[%emt 0:00:33]} Rd1 {[%emt 0:01:40]} 58. Rb2 {[%emt 0:00:33]} Qa1+ {[%emt 0:00:23]} 0-1